000 00455nam a2200181Ia 4500
001 13590
005 20260306164812.0
008 260306t2003||||xx |||||||||||||| ||spa||
041 _aESP
082 _a005.1
_bB81S
100 _aBraude, Eric J.
_eAUT
245 0 _aIngenierĂ­a de software:
_buna perspectiva orientada a objetos
260 _c2003
300 _a539 páginas :
_c23 cm.
650 _aGEN
654 _aCCC
942 _cLIB
_dJUS
_fJUS
_2ddc
_n
999 _c13590
_d13590